Splatoon 3 - All Salmonids - Statistics

General Stats
  • This quiz has been taken 35 times
    28 since last reset
  • The average score is 18 of 24
Answer Stats
Salmonid % Correct
Smallfry
100%
Cohock
95%
Cohozuna
89%
Goldie
89%
Big Shot
84%
Chum
84%
Stinger
84%
Griller
79%
Fish Stick
74%
Flyfish
74%
Horrorboros
74%
Maws
74%
Mothership
74%
Steel Eel
74%
Flipper-Flopper
68%
Slammin' Lid
68%
Steelhead
68%
Golden Mudmouth
63%
Megalodontia
63%
Mudmouth
63%
Scrapper
63%
Snatcher
58%
Chinook
53%
Drizzler
53%
No matching quizzes found
Score Distribution
Percent of People with Each Score
Percentile by Number Answered
Your Score History
You have not taken this quiz since the last reset